Managing people : (Record no. 1852)

MARC details
000 -LEADER
fixed length control field 01045cam a2200325 i 4500
001 - CONTROL NUMBER
control field 18271389
003 - CONTROL NUMBER IDENTIFIER
control field OSt
005 - DATE AND TIME OF LATEST TRANSACTION
control field 20250520103845.0
008 - FIXED-LENGTH DATA ELEMENTS--GENERAL INFORMATION
fixed length control field 140818s2015 enk b 001 0 eng
010 ## - LIBRARY OF CONGRESS CONTROL NUMBER
LC control number 2014030952
020 ## - INTERNATIONAL STANDARD BOOK NUMBER
International Standard Book Number 9780415713535 (hardback)
020 ## - INTERNATIONAL STANDARD BOOK NUMBER
International Standard Book Number 9780415713542 (pbk.)
020 ## - INTERNATIONAL STANDARD BOOK NUMBER
Canceled/invalid ISBN 9781315883236 (ebook)
040 ## - CATALOGING SOURCE
Original cataloging agency KMU
Language of cataloging eng
Transcribing agency KMU
Description conventions rda
Modifying agency KMU
042 ## - AUTHENTICATION CODE
Authentication code pcc
050 00 - LIBRARY OF CONGRESS CALL NUMBER
Classification number HF5549
Item number .T515 2015
100 1# - MAIN ENTRY--PERSONAL NAME
Personal name Thomson, Rosemary,
Dates associated with a name -1998.
245 10 - TITLE STATEMENT
Title Managing people :
Remainder of title a practical guide for front-line managers /
Statement of responsibility, etc. Rosemary Thomson and Eileen Arney.
250 ## - EDITION STATEMENT
Edition statement Fourth edition.
264 #1 - PRODUCTION, PUBLICATION, DISTRIBUTION, MANUFACTURE, AND COPYRIGHT NOTICE
Place of production, publication, distribution, manufacture Abingdon, Oxon ;
-- New York, NY :
Name of producer, publisher, distributor, manufacturer Routledge, Taylor & Francis Group,
Date of production, publication, distribution, manufacture, or copyright notice 2015.
300 ## - PHYSICAL DESCRIPTION
Extent viii, 181 pages ;
Dimensions 24 cm
336 ## - CONTENT TYPE
Content type term text
Content type code txt
Source rdacontent
337 ## - MEDIA TYPE
Media type term unmediated
Media type code n
Source rdamedia
338 ## - CARRIER TYPE
Carrier type term volume
Carrier type code nc
Source rdacarrier
504 ## - BIBLIOGRAPHY, ETC. NOTE
Bibliography, etc. note Includes bibliographical references and index.
650 #0 - SUBJECT ADDED ENTRY--TOPICAL TERM
Topical term or geographic name entry element Personnel management.
700 1# - ADDED ENTRY--PERSONAL NAME
Personal name Arney, Eileen.
700 1# - ADDED ENTRY--PERSONAL NAME
Personal name Thomson, A. W. J.
942 ## - ADDED ENTRY ELEMENTS (KOHA)
Source of classification or shelving scheme Library of Congress Classification
Koha item type Non-Fiction
Suppress in OPAC No
Holdings
Withdrawn status Lost status Source of classification or shelving scheme Damaged status Not for loan Collection Home library Current library Shelving location Date acquired Source of acquisition Total Checkouts Full call number Barcode Date last seen Price effective from Koha item type
    Library of Congress Classification     Non-fiction Kapasa Makasa University Kapasa Makasa University Open Access 20.05.2025 ZLS   HF5549 Tho 301150 20.05.2025 20.05.2025 Non-Fiction
    Library of Congress Classification     Non-fiction Kapasa Makasa University Kapasa Makasa University Open Access 20.05.2025 ZLS   HF5549 Tho 301151 20.05.2025 20.05.2025 Non-Fiction